00349nam a2200133Ia 4500008004100000020001500041082001800056100001700074245006100091250000600152260004400158300000800202650000500210140316s9999 xx 000 0 und d a817690080X a658.3bWIL/MA aWilliam,C.T. aManavavibhava Vikasana Thathwachinthayum Arthasasthravum a1 aThrissurbKerala Sahithya Academyc2005 a113 a